Figure Out the Lyrics (One-Hit Wonder) Quiz Stats

Quiz Updated May 19, 2013

Challenge
Share
Tweet
Embed
Score 0/284 Timer 07:00
5 Plays Today
% Correct
I
97.7%
I
97.7%
I
97.7%
I
97.7%
I
97.7%
I
97.7%
I
97.7%
I
97.7%
I
97.7%
I
97.7%
a
96.6%
a
96.6%
a
96.6%
a
96.6%
a
96.6%
the
93.7%
the
93.7%
the
93.7%
the
93.7%
the
93.7%
the
93.7%
the
93.7%
the
93.7%
You
92.8%
you
92.8%
you
92.8%
you
92.8%
'You
92.8%
you
92.8%
you
92.8%
you
92.8%
love
86.6%
love
86.6%
love
86.6%
love
86.6%
love
86.6%
me
83.6%
me
83.6%
me
83.6%
me
83.6%
me
83.6%
me
83.6%
on
79.1%
on
79.1%
on
79.1%
on
79.1%
on
79.1%
on
79.1%
on
79.1%
o-o-o-o-on
79.1%
on
79.1%
to
78.1%
to
78.1%
be
77.5%
be
77.5%
be
77.5%
be
77.5%
and
75.6%
And
75.6%
And
75.6%
and
75.6%
We
75.5%
in
73.3%
in
73.3%
in
73.3%
in
73.3%
in
73.3%
it
72.7%
it
72.7%
it
72.7%
it
72.7%
it
72.7%
it
72.7%
it
72.7%
it
72.7%
it
72.7%
it
72.7%
it
72.7%
can
72.7%
can
72.7%
Is
70.6%
is
70.6%
for
66.5%
for
66.5%
for
66.5%
for
66.5%
for
66.5%
she
64.9%
she
64.9%
she
64.9%
she
64.9%
she
64.9%
do
63.4%
your
62.2%
your
62.2%
% Correct
Your
62.2%
your
62.2%
Your
62.2%
with
60.9%
with
60.9%
with
60.9%
with
60.9%
with
60.9%
with
60.9%
so
59.4%
so
59.4%
her
58.5%
girl
58.3%
girl
58.3%
girl
58.3%
see?
57.1%
see
57.1%
see
57.1%
see
57.1%
when
56.9%
want
56.7%
want
56.7%
not
56.1%
not
56.1%
not
56.1%
not
56.1%
that
55.7%
can't
52.6%
can't
52.6%
can't
52.6%
can't
52.6%
I'm
51.4%
I'm
51.4%
I'm
51.4%
I'm
51.4%
I'm
51.4%
I'm
51.4%
I'm
51.4%
know
51.1%
know
51.1%
know
51.1%
know
51.1%
know
51.1%
You're
49.9%
You're
49.9%
You're
49.9%
just
45.4%
just
45.4%
just
45.4%
just
45.4%
just
45.4%
there
44.7%
ther-re-re-re-ree'
44.7%
But
43.5%
But
43.5%
But
43.5%
but
43.5%
has
43.3%
has
43.3%
has
43.3%
has
43.3%
has
43.3%
has
43.3%
has
43.3%
has
43.3%
like
43.3%
all
43.1%
all
43.1%
all
43.1%
goin'
42.3%
goin'
42.3%
goin'
42.3%
goin'
42.3%
goin'
42.3%
goin'
42.3%
goin'
42.3%
goin'
42.3%
got
41.9%
got
41.9%
got
41.9%
got
41.9%
got
41.9%
got
41.9%
got
41.9%
got
41.9%
could
39.7%
could
39.7%
or
37.1%
boy
37%
from
35.7%
from
35.7%
by
34.4%
way
34.2%
way
34.2%
over
33.8%
% Correct
over
33.8%
long
33.8%
long
33.8%
come
33.5%
out
32.9%
out
32.9%
up
32.4%
mom
31.5%
mom
31.5%
mom
31.5%
mom
31.5%
mom
31.5%
mom
31.5%
mom
31.5%
mom
31.5%
mom
31.5%
mom
31.5%
mom
31.5%
mom
31.5%
mom
31.5%
mom
31.5%
mom
31.5%
mom
31.5%
now
31%
get
30.1%
it's
29.9%
Stacy
29.2%
Stacy
29.2%
Stacy
29.2%
Stacy
29.2%
Stacy
29.2%
She's
28.8%
She's
28.8%
Stacy's
28.7%
Stacy's
28.7%
Stacy's
28.7%
Stacy's
28.7%
Stacy's
28.7%
Stacy's
28.7%
Stacy's
28.7%
Stacy's
28.7%
Stacy's
28.7%
Stacy's
28.7%
Stacy's
28.7%
Stacy's
28.7%
Stacy's
28.7%
said
27.9%
Baby
27.7%
I've
26.9%
I've
26.9%
give
26.8%
Did
26.6%
tell
25.2%
might
25.1%
might
25.1%
might
25.1%
use
24.9%
wrong
24.1%
wrong
24.1%
wrong
24.1%
after
24%
think
23.8%
O-oh, o-oh
22.7%
O-oh, o-oh
22.7%
Wait
22.6%
used
22%
guy
21.7%
schoo-oo-oo-oo-ool?
20.8%
poo-oo-oo-oo-ool
20.4%
little
20.4%
waited
20.3%
waited
20.3%
back
19.2%
around
19%
hang
18.6%
came
17.9%
grown
15.8%
towel
14.9%
trip?
14.5%
business
14.2%
trying
14.1%
lawn?
14%
minute
14%
remember
13.9%
liked
13.9%
sli-i-i-i-ip?
13.8%
dad
13.3%
missed
12.8%
mowed
12.6%
spot
12.6%
stared
11.7%
since
11.5%
walked
11.1%
fantasy
9.2%

You're not logged in!

Compare scores with friends on all Sporcle quizzes.
Join for Free
OR
Log In

You Might Also Like...

Show Comments

Extras

Top Quizzes Today


Score Distribution

Your Account Isn't Verified!

In order to create a playlist on Sporcle, you need to verify the email address you used during registration. Go to your Sporcle Settings to finish the process.

Report this User

Report this user for behavior that violates our Community Guidelines.

Details: